| 000 | 01135cam a2200181 4500 | ||
|---|---|---|---|
| 001 | L130128 | ||
| 008 | 050627n2005 000 0 eng u | ||
| 035 | _a(Sirsi) u130128 | ||
| 041 | _aeng | ||
| 110 |
_aRoyal Institution of Chartered Surveyors _94900 |
||
| 245 |
_aForesters stay independent _bICF vote no to RICS merger |
||
| 260 | _c2005 | ||
| 520 | _aMembers of the Institute of Chartered Foresters (ICF) voted at their AGM on 23 June 2005 on the issue of winding-up ICF and transferring its entire membership to RICS. Although a clear majority (64%) voted to support the merger, the result fell short of the 75% required by the ICF constitution to effect change. The merger planned for 1 January 2006 will not now go ahead. | ||
| 590 | _aIKA040705 | ||
| 690 | _aABOUT RICS-RICS STRUCTURE AND GOVERNANCE-RICS CORPORATE MANAGEMENT-RICS MERGERS-CHARTERED INSTITUTE OF FORESTERS MERGER | ||
| 856 |
_uhttps://www.rics.org/AboutRICS/RICSstructureandgovernance/RICScorporatemanagement/RICSstrategicalliances/InstituteofCharteredForestersmerger/icf_vote_pr240605.htm _zView the item free of charge at www.rics.org... |
||
| 942 | _n0 | ||
| 999 |
_c104360 _d104360 |
||